Datum a čas kvízu
19
Celkem bodů
Celkový počet nahraných bodů na tomto kvízu bez doplňovacích otázek.
10.
Pořadí na kvízu
Konečné umístění týmu na tomto kvízu.
Zaznamenané odpovědi
| # | Otázka | Odpověď | Body | Výsledky |
|---|---|---|---|---|
| 1. | O konfliktu prezidenta Pavla s... | D | 1 | |
| 2. | Parašutista Nicolas Scarabrin... | oko jehly | 0 | |
| 3. | Lístek na premiéru tohoto film... | Melania | 0 | |
| 4. | Který známý šéfkuchař oznámil... | Emanuele Ridi | 0 | |
| 5. | Ve kterém evropském státě nabí... | ve Španělsku | 0 | |
| 6. | Na obrázku níže můžete vidět d... | Drákula a Frankenstein | 0.5 | |
| 7. | Co by to bylo za hororové téma... | D | 0 | |
| 8. | Ze které (převážně videoherní)... | Silent Hill | 0 | |
| 9. | Přiřaďte herce a herečky k jej... | 1D 2C 3A 4B | 0 | |
| 10. | Čím je inspirován česko-americ... | D | 1 |